Statistics for The Religions

Click here to take the quiz!

General Stats

  • This quiz has been taken 38 times
  • The average score is 7 of 20

Answer Stats

hintAnswer% Correct
2.1 BILLIONchristianity
100%
1.3 BILLIONislam
100%
900 MILLIONhinduism
94%
376 MILLIONbuddhism
91%
14 MILLIONjudaism
82%
23 MILLIONsikhism
59%
4 MILLIONshinto
50%
2.6 MILLIONZoroastrianism
35%
4.2 MILLIONJainism
32%
7 MILLIONbahai
26%
4 MILLIONcao dai
6%
1.1 BILLIONathiest
3%
19 MILLIONjuche
3%
100 MILLIONAfrican traditional and Diasporic
0%
394 MILLIONchinese traditional religion
0%
1 MILLIONneo-paganism
0%
300 MILLIONPrimal-indigenous
0%
15 MILLIONspiritism
0%
2 MILLIONtenrikyo
0%
800,000unitarian-universalism
0%

Score Distribution

Percentile by Number Answered

Percent of People with Each Score

Your Score History

You have not taken this quiz